LEADER 04188 am 2200853 n 450 001 9910286409803321 005 20240207182534.0 010 $a2-87854-819-1 035 $a(CKB)4100000006675312 035 $a(FrMaCLE)OB-psn-7900 035 $a(oapen)https://directory.doabooks.org/handle/20.500.12854/51402 035 $a(PPN)230683088 035 $a(EXLCZ)994100000006675312 100 $a20180918j|||||||| ||| 0 101 0 $afre 135 $auu||||||m|||| 181 $ctxt$2rdacontent 182 $cc$2rdamedia 183 $acr$2rdacarrier 200 10$aLangue, économie et entreprise : le travail des mots /$fIrmtraud Behr, Dieter Hentschel, Michel Kauffmann, Anja Kern 210 $aParis $cPresses Sorbonne Nouvelle$d2018 215 $a1 online resource (504 p.) 311 $a2-87854-383-1 330 $aIl y a des discours sur l?économie. Il y a également des discours constitutifs de l?activité économique elle-même. Spécialistes et non-spécialistes ne parlent pas des mêmes faits dans les mêmes termes et il en est de même des spécialistes de disciplines distinctes. Les représentants de cultures différentes ne mettent pas non plus les mêmes mots sur les mêmes réalités. Ce volume à visée interdisciplinaire et contrastive met en contact des chercheurs de plusieurs disciplines (linguistique, économie, gestion), venant de plusieurs pays (Allemagne, Autriche, Espagne, France, Italie, Slovaquie). Les auteurs ont cherché à mettre au jour les différentes relations entre la « mise en mots » et la façon dont circulent les savoirs (savoirs factuels et savoirs linguistiques). Ainsi des réflexions générales sur la place et les fonctions du langage dans le monde de l?économie interrogent les modèles de communication traditionnels. Mais des productions langagières - création terminologique, textes de presse, discours du management et communication interne ou externe des entreprises - sont également analysées dans leurs contextes d?origine ou bien étudiées dans des situations de contact ou de transfert. Une place particulière est enfin faite aux analyses de situations de travail en contexte monolingue. 517 $aLangue, économie et entreprise 517 $aLangue, économie et entreprise 606 $aEconomics$xLanguage 606 $aDiscourse analysis 610 $aAllemagne 610 $aentreprise 610 $adiscours 610 $aéconomie 615 0$aEconomics$xLanguage. 615 0$aDiscourse analysis. 676 $a410 700 $aBaldauf$b Heike$01330968 701 $aBarbier$b Jean-Yves$01330969 701 $aBarmeyer$b Christoph$01330970 701 $aBastian$b Sabine$01330971 701 $aBehr$b Irmtraud$01235961 701 $aBöttger$b Claudia$01330972 701 $aBührig$b Kristin$01103820 701 $aCommun$b Patricia$01289347 701 $aDannerer$b Monika$0323104 701 $aDecker$b Reinhold$0140067 701 $aDemangeat$b Isabelle$01330973 701 $aEhlich$b Konrad$f1942-$0731615 701 $aGhertman$b Michel$0117058 701 $aGrass$b Thierry$0496388 701 $aHammer$b Françoise$0664011 701 $aHentschel$b Dieter$01293354 701 $aKauffmann$b Michel$01285959 701 $aLe Bars$b Armelle$01330974 701 $aMe?ková$b L?udmila$01330975 701 $aPène$b Sophie$01330976 701 $aPercebois$b Jacqueline$01330977 701 $aPlassard$b Freddie$01330978 701 $aQasem$b Fayza El$01330979 701 $aRaus$b Rachele$0595140 701 $aRozen$b Janine$01330980 701 $aSchmale$b Günter$01309254 701 $aSpillner$b Bernd$0172651 701 $aSpinola$b Sibylle Sauerwein$01330981 701 $aTambarin$b Marcel$01300267 701 $aWirf Naro$b Maria$01330982 701 $aBehr$b Irmtraud$01235961 701 $aHentschel$b Dieter$01293354 701 $aKauffmann$b Michel$01285959 701 $aKern$b Anja$01330983 801 0$bFR-FrMaCLE 906 $aBOOK 912 $a9910286409803321 996 $aLangue, économie et entreprise : le travail des mots$93040038 997 $aUNINA LEADER 04477nam 22006375 450 001 9910298378903321 005 20251116154215.0 010 $a4-431-54246-9 024 7 $a10.1007/978-4-431-54246-9 035 $a(CKB)2550000001199774 035 $a(EBL)1698242 035 $a(OCoLC)881161829 035 $a(SSID)ssj0001175744 035 $a(PQKBManifestationID)11679123 035 $a(PQKBTitleCode)TC0001175744 035 $a(PQKBWorkID)11120753 035 $a(PQKB)10217965 035 $a(MiAaPQ)EBC1698242 035 $a(DE-He213)978-4-431-54246-9 035 $a(PPN)176125981 035 $a(EXLCZ)992550000001199774 100 $a20140117d2014 u| 0 101 0 $aeng 135 $aur|n|---||||| 181 $ctxt 182 $cc 183 $acr 200 10$aCommunity practices for disaster risk reduction in Japan /$fedited by Rajib Shaw 205 $a1st ed. 2014. 210 1$aTokyo :$cSpringer Japan :$cImprint: Springer,$d2014. 215 $a1 online resource (239 p.) 225 1 $aDisaster Risk Reduction, Methods, Approaches and Practices,$x2196-4106 300 $aDescription based upon print version of record. 311 08$a4-431-54245-0 320 $aIncludes bibliographical references at the end of each chapters. 327 $aDisaster Risk Reduction and Community Approaches -- Kobe Earthquake: Turning Point of Community-based Risk Reduction in Japan -- Typhoon, Flood and Landslide Related Disasters in Japan: Role of Communities -- Social Capital in Disaster Recovery in Japan: An Overview -- Concepts and Approaches of School-centered Disaster Resilient Communities -- Building Disaster Resilient Community through Healthcare Networking -- Roles of Community Radio in Disaster Management: Reflections from Japan -- Community Development and Disaster Preparedness in a Depopulated Society: Case of Tosashimizu City, Kochi Prefecture -- Traditional Community-based Disaster Management in World Heritage Site of Shirakawa Village -- Community Practices of Transmitting Daily and Disaster Information in Reihoku Area -- Community Resilience after Chuetsu Earthquake in 2004: Extinction or Relocation? -- Issues and Challenges of Temporary Housing in Post 3.11 Kesennuma -- Adapting Fisheries to Climate Change: Community-based and Scientific-oriented Fisheries Management of Saroma Lake, Hokkaido. 330 $aThis book presents key lessons from community-based risk-reduction practices in Japan, a country that is often hit by disasters and that also has shown strong resilience in coping with those disasters. Japan has a strong governance system for disaster risk reduction. However, the Kobe earthquake of 1995 showed the importance of community involvement in disaster response as well as recovery. With several examples from different parts of Japan, the book elaborates on the importance of community-based risk reduction and the innovations required for sustaining some of the community approaches. The book has 13 chapters and is divided into three parts: (1) Evolution of community-based risk reduction in Japan; (2) Community-based risk-reduction issues; and (3) Case studies.   The primary target groups for this book are students and researchers in the fields of environment, disaster risk reduction, and climate change studies. The book provides them with a good idea of the current research trends in the field and furnishes basic knowledge about these vital topics. Another target group comprises practitioners and policy makers, who will be able to apply the knowledge collected here to policy and decision-making. 410 0$aDisaster Risk Reduction, Methods, Approaches and Practices,$x2196-4106 606 $aNatural disasters 606 $aSustainable development 606 $aNatural Hazards$3https://scigraph.springernature.com/ontologies/product-market-codes/G32000 606 $aSustainable Development$3https://scigraph.springernature.com/ontologies/product-market-codes/U34000 607 $aJapan$2fast 615 0$aNatural disasters. 615 0$aSustainable development. 615 14$aNatural Hazards. 615 24$aSustainable Development. 676 $a658.477 702 $aShaw$b Rajib$4edt$4http://id.loc.gov/vocabulary/relators/edt 801 0$bMiAaPQ 801 1$bMiAaPQ 801 2$bMiAaPQ 906 $aBOOK 912 $a9910298378903321 996 $aCommunity practices for disaster risk reduction in Japan$91511455 997 $aUNINA